书目信息 |
| 题名: |
现代高等教育发展论纲
|
|
| 作者: | 卢晓中 主编 | |
| 分册: | ||
| 出版信息: | 广州 广东教育出版社 2005.11 |
|
| 页数: | 408页 | |
| 开本: | 20cm | |
| 丛书名: | ||
| 单 册: | ||
| 中图分类: | G649.21 | |
| 科图分类: | ||
| 主题词: | 高等教育--gao deng jiao yu--发展--研究--中国 | |
| 电子资源: | ||
| ISBN: | 7-5406-6149-6 | |
| 000 | 01058nam0 2200253 450 | |
| 001 | 012006753001 | |
| 005 | 20060912161342.78 | |
| 010 | @a7-5406-6149-6@dCNY23.00 | |
| 100 | @a20060619d2005 km y0chiy0120 ea | |
| 101 | 0 | @achi |
| 102 | @aCN@b440000 | |
| 105 | @aa a 000yy | |
| 200 | 1 | @a现代高等教育发展论纲@Axian dai gao deng jiao yu fa zhan lun gang@d= Research on modern higher education development@f卢晓中主编@Flu xiao zhong zhu bian@zeng |
| 210 | @a广州@c广东教育出版社@d2005.11 | |
| 215 | @a408页@c图@d20cm | |
| 300 | @a本书由广东优秀教育专著出版基金资助出版 | |
| 320 | @a有书目 (第386-405页) | |
| 330 | @a本书以“发展理论-发展理念-发展战略”作为逻辑体系和基本分析框架,探析了高等教育的发展理论、高等教育发展理念和高等教育发展战略的内在联系,以及三者在高等教育实践层面的整合问题。 | |
| 510 | 1 | @aResearch on modern higher education development@zeng |
| 606 | 0 | @a高等教育@Agao deng jiao yu@x发展@x研究@y中国 |
| 690 | @aG649.21@v4 | |
| 701 | 0 | @a卢晓中@Alu xiao zhong@4主编 |
| 801 | 0 | @aCN@bQSSK@c20060912 |
| 905 | @a10447@dG649.21@eL794 | |
| 现代高等教育发展论纲= Research on modern higher education development/卢晓中主编.-广州:广东教育出版社,2005.11 |
| 408页:图;20cm |
| 本书由广东优秀教育专著出版基金资助出版 |
| ISBN 7-5406-6149-6:CNY23.00 |
| 本书以“发展理论-发展理念-发展战略”作为逻辑体系和基本分析框架,探析了高等教育的发展理论、高等教育发展理念和高等教育发展战略的内在联系,以及三者在高等教育实践层面的整合问题。 |
| ● |
| 相关链接 |
|
|
|
正题名:现代高等教育发展论纲
索取号:G649.21/L794
 
预约/预借
| 序号 | 登录号 | 条形码 | 馆藏地/架位号 | 状态 | 备注 |
| 1 | 589508 | 205895085 | 社科库409/309社科库 32排1列6层/ [索取号:G649.21/L794] | 在馆 | |
| 2 | 589509 | 205895094 | 社科库409/409社科库 15排1列2层/ [索取号:G649.21/L794] | 在馆 | |
| 3 | 589510 | 205895101 | 社科库409/409社科库 15排1列2层/ [索取号:G649.21/L794] | 在馆 |